Física biologíca (Registro nro. 53838)

Detalles MARC
000 -ENCABEZADO
Número de control [NR] 00960nam a2200277Ia 4500
005 - FECHA Y HORA DE LA ÚLTIMA TRANSACCIÓN
control field 20180312122219.0
008 - DE LONGITUD FIJA DE DATOS DE ELEMENTOS - INFORMACIÓN GENERAL
Elementos de longitud fija [NR] 130821s2005 sp a gr spa
020 ## - NUMERO INTERNACIONAL NORMALIZADO PARA LIBROS [R]
Número Internacional Normalizado del libro [NR] 8429118373
040 ## - FUENTE DE CATALOGACION [NR]
Agencia de catalogación original [NR] CO-BoUCM
Idioma de catalogación [NR] spa
Quien Cataloga Jose A. Gerena (modificó)
Quien Clasifica [Nuevo]
041 00 - CODIGO DE IDIOMA [R]
Código de idioma para texto/pista de sonido o título separado [R] Español
060 ## - SIGNATURA TOPOGRAFICA DE LA BIBLIOTECA NACIONAL DE MEDICINA (NLM) [R]
Número clasificador [R] QT 34
100 1# - ASIENTO PRINCIPAL--NOMBRE PERSONAL [NR]
Nombre personal [NR] Nelson, Philip Charles
ID Autoridad 65892
245 10 - MENCION DE TITULO [NR]
Título [NR] Física biologíca
Mención de responsabilidad, etc. [NR] Philip Nelson
Parte restante del título [NR] energía, Información, vida
260 ## - PUBLICACION, DISTRIBUCION, ETC. (PIE DE IMPRENTA) [R]
Lugar de publicación, distribución, etc. [R] Barcelona (España)
Nombre del editor, distribuidor, etc. [R] Editorial Reverté
Fecha de publicación, distribución, etc. [R] 2005
300 ## - DESCRIPCION FISICA [R]
Extensión [R] 642 páginas
Otros detalles físicos [NR] ilustraciones
504 ## - NOTA DE BIBLIOGRAFIA, ETC. [R]
Nota de bibliografía, etc. [NR] Incluye referencias bibliográficas e índices
650 07 - ASIENTO SECUNDARIO DE MATERIA - TERMINO TEMATICO [R]
Término temático o nombre geográfico como elemento de entrada [NR] Biofísica
9 (RLIN) 10107
650 07 - ASIENTO SECUNDARIO DE MATERIA - TERMINO TEMATICO [R]
Término temático o nombre geográfico como elemento de entrada [NR] Ciencias naturales
9 (RLIN) 10813
650 07 - ASIENTO SECUNDARIO DE MATERIA - TERMINO TEMATICO [R]
Término temático o nombre geográfico como elemento de entrada [NR] Citología
9 (RLIN) 10948
650 07 - ASIENTO SECUNDARIO DE MATERIA - TERMINO TEMATICO [R]
Término temático o nombre geográfico como elemento de entrada [NR] Entropía
9 (RLIN) 14639
650 07 - ASIENTO SECUNDARIO DE MATERIA - TERMINO TEMATICO [R]
Término temático o nombre geográfico como elemento de entrada [NR] Fuerza y energía
9 (RLIN) 16175
650 07 - ASIENTO SECUNDARIO DE MATERIA - TERMINO TEMATICO [R]
Término temático o nombre geográfico como elemento de entrada [NR] Movilidad celular
9 (RLIN) 19802
690 ## - ASUNTO AGREGADO LOCAL DE ENTRADA - TÉRMINO TEMÁTICO (OCLC, RLIN)
9 (RLIN) 42755
Acceso temático local Ciencias naturales
765 1# - ASIENTO DE IDIOMA ORIGINAL [R]
Asiento principal [NR] Biological physics : energy, Information, life.
942 ## - ELEMENTOS DE ENTRADA AGREGADOS (KOHA)
Tipo de ítem principal el descrito en 300a Libro
Tema principal Ciencias puras
Edición 1
Parte restante de la signatura top. N424f
Sistema de clasificación NLM
Clasificación QT 34
Título oculto en OPAC No
Existencias
Fecha de último préstamo Total préstamos Total Renewals Signatura topográfica Código de barras Última vez visto Ejemplar Price effective from Tipo de ítem Perdido Sistema de clasificación Dañado No prestable Tipo de ítem específico Suprimido Ubicación habitual Ubicación actual Localización Fecha de creación Forma de adquisición Costo Costo de reposición Proveedor
15/05/2025 62 9 QT 34 N424f 200015497 11/12/2025 Ej.1 03/02/2013 Libro   NLM     Libro   Quinta de Mutis Quinta de Mutis 1er piso 28/02/2013 Compra 130000.00    
09/08/2019 41 7 QT 34 N424f 200018548 11/12/2025 Ej.2 03/02/2013 Libro   NLM     Libro   Quinta de Mutis Quinta de Mutis 1er piso 28/02/2013 Compra 130000.00    
31/05/2023 10 3 QT 34 N424f 200027996 11/12/2025 Ej.3 11/11/2014 Libro   NLM     Libro   Quinta de Mutis Quinta de Mutis 1er piso 11/11/2014 Compra 123046.00 123046.00 37
04/02/2019 9 9 QT 34 N424f 200028048 11/12/2025 Ej.7 26/11/2014 Libro   NLM     Libro   Quinta de Mutis Quinta de Mutis 1er piso 26/11/2014 Compra 123046.00 123046.00 37
19/04/2018 7 4 QT 34 N424f 200028050 04/02/2026 Ej.9 26/11/2014 Libro   NLM     Libro   Quinta de Mutis Quinta de Mutis 1er piso 26/11/2014 Compra 123046.00 123046.00 37
12/08/2024 18 6 QT 34 N424f 200028049 11/12/2025 Ej.8 26/11/2014 Libro   NLM     Libro   Quinta de Mutis Quinta de Mutis 1er piso 26/11/2014 Compra 123046.00 123046.00 37
23/09/2025 14 18 QT 34 N424f 200028046 11/12/2025 Ej.5 26/11/2014 Libro   NLM     Libro   Quinta de Mutis Quinta de Mutis 1er piso 26/11/2014 Compra 123046.00 123046.00 37
10/04/2018 5 2 QT 34 N424f 200028045 11/12/2025 Ej.4 26/11/2014 Libro   NLM     Libro   Quinta de Mutis Quinta de Mutis 1er piso 26/11/2014 Compra 123046.00 123046.00 37
06/04/2018 5 9 QT 34 N424f 200028047 11/12/2025 Ej.6 26/11/2014 Libro   NLM     Libro   Quinta de Mutis Quinta de Mutis 1er piso 26/11/2014 Compra 123046.00 123046.00 37